000 00482nam a2200181Ia 4500
001 8922
005 20260306160645.0
008 260306t2018||||xx |||||||||||||| ||spa||
041 _aESP
082 _a371.92
_bP43
100 _aPerpiñán Guerras, Sonsoles
_eAUT
245 0 _aTengo un alumno con síndrome de Down:
_bestrategias de intervención educativa
260 _c2018
300 _a205 páginas :
_c24 cm.
650 _aGEN
654 _aCED
942 _cLIB
_dJUS
_fJUS
_2ddc
_n
999 _c8922
_d8922